A pathway into number theory

Αποθηκεύτηκε σε:
Λεπτομέρειες βιβλιογραφικής εγγραφής
Κύριος συγγραφέας: Burn, R. P.
Μορφή: Βιβλίο
Γλώσσα:English
Δημοσίευση: Cambridge ; New York : Cambridge University press, 1996
Έκδοση:2nd ed.
Θέματα:
Ετικέτες: Προσθήκη ετικέτας
Δεν υπάρχουν, Καταχωρήστε ετικέτα πρώτοι!

MARC

LEADER 00000nam a2200000 i 4500
001 1/75210
008 990528s1997 eng d
020 |a 0-521-57540-0 
035 |l 10049284 
040 |a GR-MY-UA  |b gre  |e aacr 
041 0 |a eng 
082 0 |a 512.7 
100 1 |a Burn, R. P. 
245 1 2 |a A pathway into number theory /  |c R.P. Burn 
250 |a 2nd ed. 
260 |a Cambridge ; New York :   |b Cambridge University press,   |c 1996 
300 |a vii, 257 p.;  |b ill.;  |c 24 cm. 
500 |a Includes index and bibliograpical references 
650 0 0 |a Number theory. 
852 |a INST  |b SAMOS  |e 19990528  |h 512.7 BUR  |p 005300012863  |q 005300012863  |t BK  |y 0 
901 |a BIBL3-1999-2 
909 |a Σ  |b 063716 
922 |a 3ΕΛΗ  |b 199901  |c ΚΠΣ  |d GLORY